Enzyklopädie der philosophischen Wissenschaften, 1830 : Dritter Teil : Die Philosophie des Geistes Mit den mündlichen Zusätzen /

Obra en 20 volúmenes publicada por la editorial Suhrkamp, disponibles en Biblioteca, que reúne los escritos de Georg Wilhelm Friedrich Hegel (1770-1831), filósofo alemán, formado en teología y filosofía, catedrático en las universidades de Jena, Heidelberg y Berlín, es considerado como el principal...

Descripció completa

Guardat en:
Dades bibliogràfiques
Autor principal: Hegel, Friedrich (autor)
Altres autors: Moldenhauer, Eva (edición) (edición), Michel, Karl Markus (edición) (edición)
Format: Llibre
Idioma:German
Publicat: Frankfurt, Alemania : Suhrkamp, 1974, c1970
Col·lecció:(Theorie-Werkausgabe)
Matèries:
Etiquetes: Afegir etiqueta
Sense etiquetes, Sigues el primer a etiquetar aquest registre!

MARC

LEADER 00000nam^a2200000^a^4500
001 000318379
005 20250521000000.0
009 20260310113410.988
037 |a Acervo Xavier Clavigero 
041 |a ALE 
082 |a 141.  |b HEG OBR SUH V. 10 
100 |a Hegel, Friedrich  |e (autor) 
240 1 1 |a [Werke von Hegel in zwanzig Bänden] 
240 1 1 |a [Enzyklopädie der philosophischen Wissenschaften] 
240 1 1 |a [Enciclopedia de las ciencias filosóficas] 
240 1 1 |a [Filosofía del espíritu] 
245 1 0 |a Enzyklopädie der philosophischen Wissenschaften, 1830 :  |b Dritter Teil : Die Philosophie des Geistes Mit den mündlichen Zusätzen /  |c F. Hegel ; ed. de E. Moldenhauer, K.M. Michel. 
264 4 |a Frankfurt, Alemania :  |b Suhrkamp,  |c 1974, c1970 
300 |a 431 p. 
336 |a texto  |b txt  |2 rdacontenido 
337 |a sin mediación  |b n  |2 rdamedio 
338 |a volumen  |b nc  |2 rdasoporte 
440 1 |a (Theorie-Werkausgabe) 
520 |a Obra en 20 volúmenes publicada por la editorial Suhrkamp, disponibles en Biblioteca, que reúne los escritos de Georg Wilhelm Friedrich Hegel (1770-1831), filósofo alemán, formado en teología y filosofía, catedrático en las universidades de Jena, Heidelberg y Berlín, es considerado como el principal representante del idealismo alemán y creador de un sistema filosófico que abarca a manera de síntesis diversos campos del saber. Los volúmenes 8, 9 y 10 exponen el corpus doctrinal del sistema filosófico hegeliano que comprende originalmente tres apartados: Lógica, Filosofía de la naturaleza y Filosofía del espíritu, los cuales se encuentran reunidos en la Enciclopedia de las ciencias filosóficas, obra escrita con la finalidad de utilizarlo como manual en sus cursos de filosofía; la primera edición apareció en 1817, la segunda en 1827 y nuevamente revisada en 1830. 
545 0 |a Georg Wilhelm Friedrich Hegel (1770-1831), filósofo alemán, formado en teología y filosofía, catedrático en las universidades de Jena, Heidelberg y Berlín, es considerado como el principal representante del idealismo alemán y creador de un sistema filosófico que abarca a manera de síntesis lo esencial de diversos campos del saber. Concibe a la filosofía como la ciencia del todo, del límite entre lo finito y lo infinito; a la verdad como totalidad cualitativa y cuantitativa; y a la realidad como unidad que se da entre lo real y lo racional. Entre sus obras se encuentran Fenomenología del espíritu, Ciencia de la lógica, Enciclopedia de las ciencias filosóficas, Lecciones de estética, Filosofía del derecho, Lecciones sobre la filosofía de la historia universal, Lecciones sobre filosofía de la religión, y otras. 
649 |a XX 
650 |a Conciencia 
650 |a Razón 
650 |a Espíritu 
650 |a Alma y Cuerpo 
650 |a Epistemología 
650 |a Etica 
650 |a Derecho -  |x Filosofía 
650 |a Filosofía Política 
650 |a Arte -  |x Historia y Crítica 
650 |a Religión -  |x Filosofía 
650 |a Idealismo -  |x Tema Principal 
650 |a Filosofía del Siglo XIX 
650 |a Filosofía Alemana 
700 |a Moldenhauer, Eva  |e (edición) 
700 |a Michel, Karl Markus  |e (edición) 
910 |a Fondo General 
920 |a Impresos - Libros 
930 |a Colección General 
905 |a 101 
901 |a 072435  |b IT1  |c ACC  |u 20250521 
902 |a https://opac.biblio.iteso.mx/vufind/Record/000318379